The Dark Knight Movie Quiz - Statistics

General Stats
  • This quiz has been taken 50 times
  • The average score is 9 of 21
Answer Stats
Hint Answer % Correct
Who was the Joker played by? Heath Ledger
100%
Who was Batman played by? Christian Bale
95%
What was the name of Bruce Wayne's Butler? Alfred Pennyworth
68%
What character did Harvey Dent turn into after being burnt? Two Face
68%
Who was Commissioner Gordon played by? Gary Oldman
66%
He's a silent guardian, a watchful protector, _ ____ ______. A dark knight
59%
'Some men just want to watch _____ _____ _____ .' The world burn
59%
Who was Harvey Dent played by? Aaron Eckhart
57%
Who did Batman encounter at the parking garage? Scarecrow
55%
What vehicle was flipped upside down by Batman? A truck
52%
Who is recalled as a 'squealer'? Lau
39%
Who tried to blackmail Batman? Coleman Reese
34%
'Boss said he'd make the ______ go away...' Voices
32%
What did Harvey Dent recommend Maroni to buy? American
30%
Who did the Joker kill in the bank robbery scene? The bus driver
27%
Why does the Joker use a knife? Guns are too quick
25%
Where is Harvey? Avenue X
20%
What was the name of the Program in which Batman used to escape Hong Kong? Skyhook
20%
Where is Rachel? 250 52nd Street
16%
What was 'the fake batman's' name? Ryan
11%
What building was the Joker in when he was planning to blow up the two boats? Prewitt Building
7%
No matching quizzes found
Score Distribution
Percent of People with Each Score
Percentile by Number Answered
Your Score History
You have not taken this quiz